| 000 | 00548nam a2200193 a 4500 | ||
|---|---|---|---|
| 005 | 20240419063740.0 | ||
| 008 | 070905s1998 es r 000 0 spa d | ||
| 020 | _a8482140361 | ||
| 035 | _aUPN01000151700 | ||
| 049 | _aI | ||
| 050 | 4 |
_aPZ8 _bC5.4 |
|
| 245 | 0 | 3 |
_aLa cenicienta / _cil. Graham Percy. |
| 260 |
_aBarcelona, Esp. : _bOcéano, _c[1998]. |
||
| 300 |
_a28 p. : _bil. col. + _e1 CD-ROM ; 4 3/4 plg. |
||
| 440 | 0 | _aCuentos en imágenes | |
| 650 | 0 |
_aCuentos de hadas _95259 |
|
| 700 | 1 |
_aPercy, Graham, _eil. _929835 |
|
| 905 | _aInfantil | ||
| 999 |
_c123836 _d123836 |
||